000 00828cam a22002534a 4500
001 13598592
005 20180119085545.0
008 040519s2006 caua b 001 0 eng
010 _a 2004107659
020 _a0534607950 (student edition)
020 _a0534607993 (instructor's edition)
040 _aDLC
_cDLC
_dDLC
041 _aeng
042 _apcc
080 _a616.89152 SCH
082 0 0 _a616.89152 SCH
_222
100 1 _a3
101 _aSHM
245 1 0 _aGroups :
_cMarianne Schneider Corey, Gerald Corey.
504 _aIncludes bibliographical references (p. 440-453) and indexes.
906 _a7
_bcbc
_corignew
_d2
_eepcn
_f20
_gy-gencatlg
942 _2ddc
_cBK
999 _c40615
_d40615